FUNDAMENTAL of implant dentistry surgical principles vol.2

Saved in:
Bibliographic Details
Format: Book
Language:English
Published: Quintessence Publishing 2016.
Tags: Add Tag
No Tags, Be the first to tag this record!

MARC

LEADER 00000nam a22000007a 4500
008 201216b ||||| |||| 00| 0 eng d
020 |a 978-0-86715-585-3 
245 |a  FUNDAMENTAL of implant dentistry  |b surgical principles vol.2   |c edited by Peter K. Moy, Alessandro Pozzi and John Beumer III  |g  xii, 436p; ill. 
250 |c Moy P. K., Pozzi A.and Beumer III J. 
260 |b Quintessence Publishing  |c 2016.   |h Illinois, U.S.A  |i 685067   |l RK667 .I45F96  |m Dental implants.  |m Dental implantation – Methods  |m Tooth diseases – Surgery 
500 |a It includes bibliographical references and index 
942 |a lcc  |c BK  |e ADEYEYE Y. S.  |f 16/12/2020 
952 |0 0  |1 0  |2 lcc  |4 0  |6 RK0667 I45 F96  |7 0  |9 610  |a HOL  |b HOL  |c QZ  |d 2020-12-16  |l 0  |o RK667 .I45F96  |p 2020-22929  |r 2020-12-16 00:00:00  |w 2020-12-16  |y BK 
999 |c 341  |d 341